000 00355nam a2200133 i 4500
001 bg
100 1 _aŚWITEK, Wiesław
245 0 _aNośność zmęczeniowa połączeń mechanicznych z udziałem tarcia /
_cWiesław Świtek.
260 _aWarszawa,
_c1980.
040 _cBPK
041 _apol
942 _cKS
008 s pl f |000 0 pol
999 _c19886
_d19886
856 _uhttp://koha.tu.koszalin.pl/cgi-bin/koha/opac-detail.pl?biblionumber=19886
_yKatalog online BPK